000 00264nam a22001217a 4500
008 170328b xxu||||| |||| 00| 0 eng d
041 _aeng
080 _27 ED
_a615.83
100 _a8
101 _aSHM
245 _aAPPLIED THERAPEUTICS
_cKODA.M.A
942 _2udc
_cBK
999 _c8838
_d8838